[Event "MCRE_SF04"]
[Site "?"]
[Date "2005.??.??"]
[Round "?"]
[White "Koci, Vladimir"]
[Black "Blecha, Miroslav"]
[Result "0-1"]
[WhiteElo "2255"]
[BlackElo "2200"]
[PlyCount "120"]
[EventDate "2005.??.??"]
[EventType "corr"]
[EventRounds "2"]
[SourceDate "2005.10.20"]

1. d4 Nf6 2. Nf3 e6 3. Bf4 b6 4. e3 Bb7 5. Nbd2 Be7 6. h3 O-O 7. Bd3 c5 8. c3
cxd4 9. exd4 d6 10. O-O Nbd7 11. Rc1 Re8 12. Re1 a6 13. c4 Nf8 14. b4 Ng6 15.
Bh2 Qd7 16. a4 Rec8 17. Qb3 a5 18. bxa5 bxa5 19. d5 exd5 20. Nd4 Ne4 21. Nxe4
dxe4 22. Be2 Rc5 23. Bg4 Qc7 24. Bf5 Rd8 25. Rb1 Ba6 26. Bxe4 Bxc4 27. Qb7 Qxb7
28. Rxb7 Bf8 29. Rd1 Re8 30. f3 Ne5 31. Bg3 g6 32. f4 f5 33. Bc2 Bd5 34. Ra7
Nc6 35. Nxc6 Rxc2 36. Rxd5 Rxc6 37. Raxa5 Rc1+ 38. Kf2 Bg7 39. Rd3 Bc3 40. Rad5
Bb4 41. Rd1 Rc3 42. R1d3 Rxd3 43. Rxd3 Ra8 44. Kf3 Rxa4 45. Bf2 Kf7 46. Be3 Ra3
47. Rxa3 Bxa3 48. g4 Ke6 49. Ke2 h6 50. Kd3 Bb2 51. Bf2 Bc1 52. Bg3 d5 53. Bh2
fxg4 54. hxg4 Bb2 55. Ke3 h5 56. Kf3 hxg4+ 57. Kxg4 d4 58. Bg1 Kf6 59. Bf2 d3
60. Kf3 Bc1 0-1

[Event "MCRE_SF04"]
[Site "?"]
[Date "2005.??.??"]
[Round "?"]
[White "Kubikova, Hana"]
[Black "Jandovsky, Viktor"]
[Result "0-1"]
[WhiteElo "2182"]
[BlackElo "2259"]
[PlyCount "108"]
[EventDate "2005.??.??"]
[EventType "corr"]
[EventRounds "2"]
[SourceDate "2005.10.20"]

1. d4 Nf6 2. c4 g6 3. Nc3 Bg7 4. e4 d6 5. f4 O-O 6. Nf3 c5 7. d5 e6 8. Be2 exd5
9. cxd5 Bg4 10. O-O Nbd7 11. a4 Re8 12. h3 Bxf3 13. Bxf3 Qa5 14. Be3 Qb4 15.
Qc2 c4 16. Qf2 b6 17. a5 Nc5 18. Bxc5 Qxc5 19. axb6 axb6 20. Qxc5 bxc5 21. Rxa8
Rxa8 22. e5 Nd7 23. e6 Bd4+ 24. Kh2 Nf6 25. Re1 Rb8 26. Re2 Kf8 27. g4 Rb3 28.
Rc2 Ne8 29. Kg2 Nc7 30. f5 Be5 31. h4 gxf5 32. gxf5 h6 33. Be4 Ke7 34. Kf1 Ne8
35. Kf2 Ng7 36. Kf3 Nh5 37. Kg4 Nf6+ 38. Kf3 h5 39. Ke3 Ng4+ 40. Ke2 Bf6 41.
Nd1 Rh3 42. Rxc4 Rh2+ 43. Kf1 Rd2 44. Rc1 Bxh4 45. Ra1 Kf6 46. Rb1 Bg3 47. Kg1
Be5 48. Kf1 h4 49. Ke1 Rd4 50. Bh1 Nh6 51. Ne3 Bf4 52. Nd1 Nxf5 53. exf7 Kxf7
54. Nc3 h3 0-1

[Event "MCRE_SF04"]
[Site "?"]
[Date "2005.??.??"]
[Round "?"]
[White "Hrdy, Roman"]
[Black "Janocko, Petr"]
[Result "1/2-1/2"]
[WhiteElo "2224"]
[BlackElo "2200"]
[PlyCount "163"]
[EventDate "2005.??.??"]
[EventType "corr"]
[EventRounds "2"]
[SourceDate "2005.10.20"]

1. e4 e5 2. Nf3 Nc6 3. Bb5 a6 4. Ba4 Nf6 5. O-O b5 6. Bb3 Bb7 7. c3 Nxe4 8. d4
Na5 9. Bc2 exd4 10. Nxd4 c5 11. Nf5 Qf6 12. Nd2 d5 13. Nxe4 dxe4 14. Ng3 Be7
15. Nxe4 Qc6 16. Qh5 Qg6 17. Qe2 Qc6 18. Qg4 O-O 19. Qh3 f5 20. Re1 Rae8 21.
Ng3 Bd6 22. Bg5 Rxe1+ 23. Rxe1 g6 24. b3 Re8 25. Rd1 Bc8 26. Qh4 Be5 27. Ne2
Bg7 28. Be3 Bb7 29. Qg3 Be5 30. Nf4 Qf6 31. h4 Qg7 32. Qg5 Bf6 33. Qg3 Be5 34.
c4 bxc4 35. bxc4 Be4 36. Ba4 Rb8 37. Bxc5 Qc7 38. Be3 Nxc4 39. Bb3 Rxb3 40.
axb3 Nxe3 41. fxe3 Bc2 42. Rc1 Bb2 43. Rf1 Bxb3 44. h5 Bf7 45. Qf3 Qc8 46. Nd3
Bg7 47. e4 Be6 48. exf5 Bxf5 49. Qd5+ Be6 50. Qd6 Bf5 51. Rb1 Bf8 52. Qd5+ Qe6
53. Qxe6+ Bxe6 54. hxg6 hxg6 55. Rb6 Bf5 56. Nf2 a5 57. g4 Bc2 58. Rb2 Ba4 59.
Ra2 Bc6 60. Rxa5 Bf3 61. Kh2 Be2 62. Kg3 Bd6+ 63. Kh4 Be7+ 64. g5 Kf8 65. Ne4
Kf7 66. Nc5 Ke8 67. Ne6 Bd6 68. Ra4 Bb5 69. Rd4 Ke7 70. Nf4 Be8 71. Nd5+ Ke6
72. Re4+ Kf7 73. Nf4 Kg7 74. Nh5+ Kf7 75. Nf6 Bc6 76. Re1 Bb4 77. Rc1 Bf3 78.
Kg3 Be2 79. Rc6 Bd3 80. Kf4 Bd2+ 81. Ke5 Ba5 82. Rc5 1/2-1/2

[Event "MCRE_SF04"]
[Site "?"]
[Date "2005.??.??"]
[Round "?"]
[White "Splichal, Josef"]
[Black "Koci, Vladimir"]
[Result "1/2-1/2"]
[WhiteElo "2281"]
[BlackElo "2255"]
[PlyCount "143"]
[EventDate "2005.??.??"]
[EventType "corr"]
[EventRounds "2"]
[SourceDate "2005.10.20"]

1. e4 d5 2. exd5 Nf6 3. d4 Nxd5 4. c4 Nf6 5. Be2 c5 6. Nf3 cxd4 7. Qxd4 Qxd4 8.
Nxd4 a6 9. O-O e5 10. Nb3 Nc6 11. Nc3 Bb4 12. Nd5 Nxd5 13. cxd5 Ne7 14. a3 Bd6
15. Rd1 Bf5 16. Na5 O-O-O 17. Nc4 Bc2 18. Re1 Nxd5 19. Bd2 Kb8 20. Ba5 b6 21.
Nxb6 Nxb6 22. Bxb6 Rc8 23. b4 Kb7 24. Ba5 f5 25. Ra2 Ba4 26. Rd2 Bb8 27. Bd1
Bc6 28. a4 g6 29. Bb3 Bc7 30. Bxc7 Kxc7 31. Rxe5 Rhd8 32. Rxd8 Rxd8 33. f3 Rd4
34. Bg8 h6 35. Re7+ Kd8 36. Re6 Bxa4 37. Rxa6 Rxb4 38. Rxg6 Rb1+ 39. Kf2 f4 40.
g4 Rb2+ 41. Kg1 Rb1+ 42. Kg2 h5 43. gxh5 Rb2+ 44. Kh3 Ke7 45. Bd5 Bd7+ 46. Kh4
Rxh2+ 47. Kg5 Be8 48. Rh6 Rg2+ 49. Kxf4 Rh2 50. Re6+ Kd8 51. h6 Bf7 52. Kg3 Rh5
53. Rd6+ Ke7 54. Bxf7 Kxf7 55. Kg4 Rh1 56. f4 Rh2 57. Kg5 Rg2+ 58. Kf5 Rh2 59.
Rd7+ Kg8 60. Kg6 Rg2+ 61. Kf6 Rh2 62. h7+ Kh8 63. f5 Ra2 64. Ke7 Kxh7 65. Kf8+
Kh6 66. Ke7 Kh7 67. Kf8+ Kh6 68. Rd6+ Kh7 69. f6 Ra8+ 70. Ke7 Ra7+ 71. Rd7 Ra8
72. Kf7 1/2-1/2

[Event "MCRE_SF04"]
[Site "?"]
[Date "2005.??.??"]
[Round "?"]
[White "Koci, Vladimir"]
[Black "Kohler, Josef"]
[Result "0-1"]
[WhiteElo "2255"]
[BlackElo "2180"]
[PlyCount "94"]
[EventDate "2005.??.??"]
[EventType "corr"]
[EventRounds "2"]
[SourceDate "2005.10.20"]

1. d4 Nf6 2. Nf3 d5 3. Bf4 c5 4. e3 Nc6 5. c3 e6 6. Nbd2 Bd6 7. Ne5 Qc7 8. Ndf3
c4 9. Be2 O-O 10. Qc2 Ne7 11. O-O b5 12. Ng5 Ne4 13. Nxe4 dxe4 14. b3 f6 15.
Ng4 e5 16. Bg3 h5 17. bxc4 bxc4 18. dxe5 fxe5 19. Nxe5 Bxe5 20. Qxe4 Bxg3 21.
Qxc4+ Qxc4 22. Bxc4+ Kh7 23. hxg3 Rf6 24. Rac1 Ba6 25. Bxa6 Rxa6 26. Rc2 Rc8
27. Rd1 Rc4 28. f3 Nc6 29. Rb1 Kg6 30. Kf2 Rca4 31. Ra1 Ne5 32. Ke1 Kf6 33. e4
Ke6 34. Ke2 Nc4 35. Ke1 Nd6 36. Ke2 Nb5 37. Kd3 Rd6+ 38. Ke3 Na3 39. Re2 Nc4+
40. Kf2 Rd3 41. Rc1 Ra3 42. Rec2 Re3 43. Kf1 g5 44. Kf2 g4 45. Rh1 Rexc3 46.
Rxc3 Rxc3 47. Rxh5 Rc2+ 0-1

[Event "MCRE_SF04"]
[Site "?"]
[Date "2005.??.??"]
[Round "?"]
[White "Koci, Vladimir"]
[Black "Kubikova, Hana"]
[Result "1/2-1/2"]
[WhiteElo "2255"]
[BlackElo "2182"]
[PlyCount "159"]
[EventDate "2005.??.??"]
[EventType "corr"]
[EventRounds "2"]
[SourceDate "2005.10.20"]

1. d4 Nf6 2. Nf3 d5 3. Bf4 c5 4. dxc5 e6 5. Nbd2 Bxc5 6. e3 Nc6 7. Bb5 O-O 8.
Nb3 Bd6 9. Bxc6 bxc6 10. O-O Bxf4 11. exf4 Qb6 12. c3 c5 13. Qc2 Rb8 14. Rab1
Qc7 15. Ne5 Nh5 16. g3 f6 17. Nf3 e5 18. f5 Ba6 19. Rfd1 Rfd8 20. Nh4 Bb5 21.
Nd2 Bc6 22. b3 Bb7 23. Ng2 Qc6 24. f3 Qb6 25. c4 d4 26. g4 Nf4 27. Nxf4 exf4
28. Ne4 Re8 29. Qd3 Qb4 30. Rb2 a5 31. Rg2 Re5 32. g5 fxg5 33. Rxg5 Kh8 34. Rg4
Rxf5 35. Nd6 Rf6 36. Ne4 Bxe4 37. Qxe4 Rbf8 38. Kh1 a4 39. Rdg1 g6 40. Qe5 Kg7
41. Rxf4 Qb8 42. Rf5 axb3 43. axb3 Qxe5 44. Rxe5 Rf5 45. Rxf5 Rxf5 46. Rf1 Re5
47. Kg2 Re2+ 48. Kg3 Kf6 49. Ra1 d3 50. Ra8 Ke7 51. Ra7+ Ke6 52. Ra8 Kd7 53.
Ra7+ Kd6 54. Ra8 d2 55. Rd8+ Kc7 56. Rd5 Kb6 57. f4 Ka5 58. Kf3 Rxh2 59. Kg3
Rh1 60. Rxd2 Kb4 61. Kg2 Rb1 62. Rd7 Rb2+ 63. Kg1 Rxb3 64. Rxh7 Kxc4 65. Kf2
Rb6 66. Ke3 Kc3 67. Ke4 c4 68. Rc7 Kb3 69. Kd4 Rd6+ 70. Ke5 Rd3 71. Rg7 Rg3 72.
f5 g5 73. f6 c3 74. Rb7+ Kc4 75. f7 Rf3 76. Ke6 c2 77. Rc7+ Kd3 78. Rd7+ Ke2
79. Rc7 Kd2 80. Rd7+ 1/2-1/2